| 000 | 00445cam a2200181ua 4500 | ||
|---|---|---|---|
| 020 | _cRs 2.00 | ||
| 041 |
_amal _h |
||
| 082 |
_a894.812 7 _bKAL/KO |
||
| 100 | _aKalki, . | ||
| 245 | 0 | 0 |
_aKoonanthara Paramuvum Poona Kesavanum / _cKalki. _hTextual Documents |
| 260 |
_aKollam : _bRoby Books , _c1960. |
||
| 300 | _a121 ; . | ||
| 365 | _aRs 2.00 | ||
| 504 | _a | ||
| 650 | _aHumour - Malayalam | ||
| 942 | _cBK | ||
| 999 |
_c531 _d531 |
||